000 00813nam a2200229 i 4500
001 63854
003 ES-MaACL
005 20230906165002.0
007 t|
008 031217s1958 sp |||| | spa d
100 1 _aFildes, Paul.
_950827
245 1 3 _aLa naturaleza de la multiplicación de los virus /
_cpresentado por Paul Fildes y W.E. van Heyningen ; traducción del inglés por Faustino Cordón.
260 _aMadrid :
_bRevista de Occidente,
_c1958 (
_fClavileño)
300 _a451 p., 12 h. de lám. ;
_c22 cm.
490 1 _aBiblioteca Ibys de ciencia biológica
650 4 _aVirus.
_9147553
700 1 _aHeyningen, W. E. van.
_963534
700 1 _aCordón, Faustino.
_940557
830 1 _aBiblioteca Ibys de ciencia biológica
_9181969
852 _aES-MaACL
_jC-15821
999 _c63854
_d63854